[Event "FIDE Zonal 2.5 Open 2019"]
[Site "Montevideo"]
[Date "2019.04.14"]
[Round "3.18"]
[White "Donoso Diaz, Sebastian"]
[Black "Pinero, Ismael"]
[Result "1-0"]
[WhiteElo "2191"]
[BlackElo "1872"]
[Annotator "TA"]
[PlyCount "105"]
[EventDate "2019.04.13"]
[EventType "swiss"]
[EventCountry "URU"]
[SourceTitle "playchess.com"]
[Source "ChessBase"]
[SourceQuality "1"]

{[%evp 14,105,48,43,76,45,64,56,89,91,89,90,81,87,67,75,110,104,172,127,122,114,152,152,187,181,185,169,245,222,250,235,366,366,366,366,366,366,366,366,366,366,345,304,304,304,472,464,463,437,480,480,472,479,444,473,444,459,444,406,520,509,773,771,831,809,690,975,880,868,1014,1010,1015,995,920,866,1028,976,973,981,939,925,966,911,801,806,29984,29985,29974,29972,29987,29988,29988,2620]} 1. d4 Nf6 2. c4 g6 3. Nc3 Bg7 4. e4 d6 5. h3 O-O 6. Be3 e5 7. d5 Nbd7 8. Nf3 a6 {E90: King's Indian: Classical: Early deviations and 6 h3} 9. g4 Nc5 10. Nd2 b6 $146 {White is slightly better.} ({Predecessor:} 10... a5 11. Be2 Ne8 12. h4 {1-0 (29) Nisipeanu,L (2665)-Meister,P (2411) Germany 2014}) 11. Be2 Bd7 12. g5 Ne8 13. h4 f5 14. h5 f4 15. Bxc5 $1 bxc5 (15... dxc5 $16 {was necessary.} 16. h6 Bh8) 16. h6 Bh8 17. Rg1 c6 18. Bg4 Nc7 19. Bxd7 Qxd7 20. Qa4 Rab8 (20... Rfc8 $142 21. O-O-O (21. dxc6 Qe8 $18) (21. Qxc6 Qxc6 22. dxc6 Rab8 $16) 21... Qd8 22. dxc6 Ne6) 21. O-O-O ({Much less strong is} 21. Qxc6 $6 Qxc6 22. dxc6 Rfc8 $16) 21... Rb6 {[#]} 22. Nb3 $1 Rfb8 (22... Qe8 {keeps fighting.} 23. Nd2 Qa8) 23. dxc6 $18 Qxc6 24. Qxc6 Rxc6 25. Na5 Rcb6 {Now ...Ne6 and Black clings on.} 26. Na4 Ne6 27. Nxb6 Rxb6 28. Nb3 Kf7 29. f3 Nd4 (29... Ke7 $142 30. Kb1 Rb4) 30. Nxd4 exd4 {[%mdl 4096] Endgame KRR-KRB} 31. Rd3 Rb4 32. b3 a5 33. a3 Rb7 34. Kc2 Ke6 35. Rb1 Rc7 36. Rdd1 Kd7 37. Kd3 Kc6 (37... Ra7 $142 38. Ra1 Be5) 38. b4 cxb4 39. axb4 axb4 40. Rxb4 Ra7 41. Rdb1 Be5 42. R1b3 Kc7 43. Rb8 Kc6 44. R8b5 Bh8 45. c5 dxc5 46. Rb6+ Kc7 47. Kc4 d3 48. Kxd3 Bd4 49. Kc4 Ra4+ 50. Kd5 {White mates.} Ra7 51. R3b5 Be3 52. e5 c4 53. Rc6+ {Accuracy: White = 97%, Black = 31%.} (53. Rf6 $142 Bf2 54. Rf7+ Kc8 55. e6 Ra3 56. e7 Re3 57. Kd6 Rd3+ 58. Kc6) 1-0

[Event "FIDE Zonal 2.5 Open 2019"]
[Site "Montevideo"]
[Date "2019.04.14"]
[Round "3.19"]
[White "Lanzilotta, Marcelo"]
[Black "El Ters, Antouan"]
[Result "1/2-1/2"]
[WhiteElo "1972"]
[BlackElo "2181"]
[Annotator "TA"]
[PlyCount "42"]
[EventDate "2019.04.13"]
[EventType "swiss"]
[EventCountry "URU"]
[SourceTitle "playchess.com"]
[Source "ChessBase"]
[SourceQuality "1"]

{[%evp 14,42,4,5,14,-8,-12,-8,8,8,8,8,8,8,8,8,8,8,8,8,8,8,8,9,13,8,8,7,10,0,0]} 1. e4 e5 2. Nf3 Nc6 3. Bc4 Be7 4. O-O Nf6 5. Re1 O-O 6. d3 d6 7. h3 Na5 8. Bb3 {The position is equal.} c5 {C55: Two Knights: 4 d3, 4 d4 exd4 5 e5 and Max Lange Attack} (8... Nxb3 9. axb3 b6 10. d4 Bb7 11. Nc3 Nd7 12. dxe5 Nxe5 13. Nxe5 dxe5 14. Be3 Bb4 15. Qg4 Qc8 16. Qxc8 Rfxc8 {½-½ (40) Yang,K (2099)-Mulyar,M (2402) Las Vegas 2017}) 9. c4 $146 ({Predecessor:} 9. c3 Nxb3 10. Qxb3 Qc7 11. Bg5 b5 12. Nbd2 Rb8 13. Qc2 Be6 14. c4 Nh5 15. b3 a6 16. Be3 {0-1 (46) Marino,F (1675)-Dias,J (1889) Nova Odessa 2014}) 9... a6 10. Nc3 b5 11. cxb5 axb5 12. Nxb5 Nxb3 13. Qxb3 Be6 14. Qc2 Bxa2 15. b4 Bb3 16. Rxa8 Bxc2 17. Rxd8 Rxd8 18. bxc5 Bxd3 19. Nxd6 Bxd6 20. cxd6 Rxd6 21. Rd1 Nxe4 1/2-1/2

[Event "FIDE Zonal 2.5 Open 2019"]
[Site "Montevideo"]
[Date "2019.04.14"]
[Round "3.20"]
[White "Moccero, Eduardo"]
[Black "Carvalho, Guillermo"]
[Result "0-1"]
[WhiteElo "1939"]
[BlackElo "2194"]
[Annotator "TA"]
[PlyCount "86"]
[EventDate "2019.04.13"]
[EventType "swiss"]
[EventCountry "URU"]
[SourceTitle "playchess.com"]
[Source "ChessBase"]
[SourceQuality "1"]

{[%evp 14,86,42,17,17,-8,0,-31,-25,-65,-68,-73,-59,-64,-39,-37,0,0,-7,-67,-64,-65,-67,-54,-59,-56,-62,-51,-44,-116,-89,-73,-92,-251,-258,-212,-130,-208,0,-295,-166,-318,-220,-244,-233,-327,-325,-430,-410,-371,-409,-423,-363,-362,-316,-297,-214,-325,-319,-429,-429,-435,-415,-604,-637,-643,-640,-620,-591,-3489,-3246,-2294,-2155,-1209,-1156]} 1. d4 Nf6 2. Nf3 g6 3. c4 Bg7 4. Nc3 d6 5. e3 O-O 6. Be2 c6 7. O-O a6 8. a4 a5 {E61: King's Indian: Early deviations for White, including Smyslov System} 9. Bd2 (9. e4 e5 10. d5 Na6 11. Re1 Ne8 12. g3 f5 13. Nh4 f4 14. Ng2 g5 15. Bg4 Nf6 16. Bxc8 Rxc8 {0-1 (29) Glimbrant,T (2268)-Agrest,I (2271) Sweden 2018}) 9... Qc7 $146 ({Predecessor:} 9... Na6 10. Rc1 Nb4 11. h3 Bf5 12. Nh4 Bd7 13. Nf3 Rb8 14. Re1 Qb6 15. Qb3 Qc7 16. Na2 Nxa2 17. Qxa2 {0-1 (42) Cvetko,B (1731)-Hevir,V (2023) Slovenia 2017}) 10. Qc2 Na6 {Black is slightly better.} 11. Na2 e5 12. b4 axb4 13. Nxb4 Nxb4 14. Bxb4 Re8 15. dxe5 dxe5 16. Bc3 (16. Nd2 $11) 16... Bf5 $15 17. Qb3 Ne4 18. Bb4 c5 19. Be1 Bd7 20. a5 Bc6 21. Rb1 (21. Ra2 $15) 21... Qe7 22. Nd2 Nd6 $36 {[%mdl 2048] Black is in control.} 23. Bf3 $2 (23. Qa3 $17) 23... e4 $19 ({Not} 23... Rxa5 24. Bxc6 bxc6 {[#]} 25. Ne4 $1 $15 {[%mdl 512]}) 24. Be2 Nf5 25. Bg4 (25. Qc2 $17) 25... Nd6 $2 (25... Rxa5 $19 26. Bxf5 gxf5) 26. g3 $2 {[%mdl 8192]} (26. Be2 $1 $11 {and White stays safe.}) 26... f5 (26... Rxa5 $142 {Strongly threatening ...Rea8.} 27. Bh3 Ra6) 27. Bh3 $2 (27. Be2 {was the only defense.}) 27... Nf7 28. Rc1 Ne5 {White must now prevent ...Nd3.} 29. Bg2 (29. Nb1 $142) 29... Nd3 (29... Rxa5 $2 30. Nxe4 Ra4 31. Nc3 $17) 30. Rc3 Bxc3 31. Qxc3 Qe5 32. Qxe5 Nxe5 33. Nb3 Nd3 34. Bc3 Red8 35. Rb1 (35. Ra1 $142) 35... Ba4 36. Nd2 {[#]} Nb4 $1 37. Ra1 (37. Bxb4 cxb4) 37... Rxa5 38. Nb3 (38. g4 $142) 38... Bxb3 {Black is clearly winning.} 39. Rxa5 Rd1+ 40. Bf1 Bxc4 41. Rxc5 Bxf1 42. Rc8+ Kf7 {( -> ...Bh3+)} 43. Rc7+ Ke6 {Accuracy: White = 15%, Black = 69%.} 0-1

[Event "FIDE Zonal 2.5 Open 2019"]
[Site "Montevideo"]
[Date "2019.04.14"]
[Round "3.21"]
[White "Fein, Jorge"]
[Black "Avedisian, Alexander"]
[Result "1-0"]
[WhiteElo "1648"]
[BlackElo "1898"]
[Annotator "NA RC"]
[PlyCount "94"]
[EventDate "2019.04.13"]
[EventType "swiss"]
[EventCountry "URU"]
[SourceTitle "playchess.com"]
[Source "ChessBase"]
[SourceQuality "1"]
[TimeControl "40/5400+30:1800+30"]

{[%evp 19,74,-119,-101,32767,32767,-87,-87,-79,-13,-85,-71,-121,-98,-91,-100,-107,-105,-141,-97,-150,-132,-160,32767,32767,32767,-246,32767,-332,32767,-357,-337,-295,-310,32767,32767,-335,-383,-398,-371,-397,-197,-393,-293,-368,-317,-388,-776,-667,-692,-694,-770,-737,-839,-909,-925,-869,-832]} 1. Nf3 {[%emt 0:00:00]} g6 {[%emt 0:00:00]} 2. e4 {[%emt 0:01:16]} c5 {[%emt 0:00:00]} 3. d4 {[%emt 0:01:04]} cxd4 {[%emt 0:00:05]} 4. Qxd4 {[%emt 0:00:55]} Nf6 {[%emt 0:00:18]} 5. e5 {[%emt 0:01:40]} Nc6 {[%emt 0:00:16]} 6. Qc3 {[%emt 0:01:28] B27: Sicilian: 2 Nf3, unusual Black 2nd moves} (6. Qa4 Nd5 7. Qe4 Nb6 8. Nc3 Bg7 9. Bf4 d5 10. exd6 Bf5 11. dxe7 Qd7 12. Qe3 Nb4 13. Rc1 Nxc2+ 14. Rxc2 Bxc2 15. Bb5 Bxc3+ 16. Qxc3 Qxb5 17. Qxh8+ Kxe7 {½-½ (22) Ortiz Suarez,I (2548)-Guseinov,G (2654) Barbera del Valles 2018}) 6... Ne4 {[%emt 0:06:57]} 7. Qe3 {[%emt 0:02:20]} d5 {[%emt 0:00:19]} 8. exd6 {[%emt 0:03:55]} Nxd6 {[%emt 0:00:09]} 9. Qc3 {[%emt 0:03:47]} f6 {[%emt 0:03:55]} 10. Bf4 {[%emt 0:07:17]} (10. Be3 $11) 10... e5 {[%emt 0:03:20]} 11. Be3 {[%emt 0:05:14]} Nf5 $146 {[%emt 0:02:17]} ({Predecessor:} 11... Be6 12. Nbd2 Rc8 13. Bc5 Na5 {0-1 (29) Lukosius,R (1816)-Malinin,Y (2216) Plateliai 2016}) 12. Qd2 {[%emt 0:06:54]} (12. Bb5 $11) 12... Be6 {[%emt 0:08:19]} 13. Bb5 {[%emt 0:05:55]} Bd5 {[%emt 0:14:20]} ({Black should play} 13... Kf7 $17 14. Bxc6 bxc6) 14. c4 {[%emt 0:07:20]} (14. Nc3 $11 Bxf3 15. gxf3) 14... Bxf3 {[%emt 0:03:17]} 15. Qxd8+ {[%emt 0:01:45]} Rxd8 {[%emt 0:00:20]} 16. gxf3 {[%emt 0:00:17]} Nfd4 {[%emt 0:02:57]} 17. Bxd4 {[%emt 0:01:42]} Rxd4 {[%emt 0:00:37]} 18. Ke2 {[%emt 0:02:50]} Kf7 {[%emt 0:01:28]} 19. Bxc6 {[%emt 0:01:52]} bxc6 {[%emt 0:00:12]} 20. b3 {[%emt 0:00:19]} Bh6 {[%emt 0:06:45]} 21. Nc3 {[%emt 0:08:48]} Rd2+ {[%emt 0:00:37]} 22. Ke1 {[%emt 0:00:32]} Rhd8 {[%emt 0:02:09]} 23. Rg1 {[%emt 0:06:47]} f5 {[%emt 0:01:11]} 24. Rg3 {[%emt 0:00:53]} R2d3 {[%emt 0:05:15]} 25. Na4 {[%emt 0:00:36]} Bf4 {[%emt 0:02:54]} 26. Rh3 {[%emt 0:00:34]} h5 {[%emt 0:00:33]} 27. Nc5 {[%emt 0:01:31]} Rd2 {[%emt 0:01:29]} 28. Na6 {[%emt 0:02:03]} Bh6 {[%emt 0:04:56]} 29. Nb4 {[%emt 0:01:01]} R2d6 {[%emt 0:01:49]} 30. Na6 $2 {[%emt 0:01:39]} (30. c5 Bd2+ 31. Ke2) 30... Bf8 {[%emt 0:01:40]} 31. Nc5 {[%emt 0:02:10]} (31. f4 $142 exf4 32. Kf1) 31... Rd4 {[%emt 0:02:10]} 32. Na4 {[%emt 0:01:19]} Bb4+ {[%emt 0:00:00]} 33. Kf1 {[%emt 0:02:58]} Rd1+ {[%emt 0:00:37]} 34. Rxd1 {[%emt 0:00:12]} Rxd1+ {[%emt 0:00:05]} 35. Kg2 {[%emt 0:00:10]} f4 {[%emt 0:02:58]} 36. a3 {[%emt 0:01:42]} Bxa3 $19 {[%emt 0:00:47]} 37. Nc3 {[%emt 0:00:06]} Rd3 {[%emt 0:00:57]} 38. Ne4 {[%emt 0:01:48]} Rxb3 {[%emt 0:00:22]} 39. Ng5+ {[%emt 0:02:59]} Ke7 {[%emt 0:00:14]} 40. Ne4 {[%emt 0:00:46]} a5 {[%emt 0:00:38]} 41. Nd2 {[%emt 0:31:59]} Rb2 {[%emt 0:30:43]} 42. Ne4 {[%emt 0:00:26]} Bb4 {[%emt 0:00:31]} 43. c5 {[%emt 0:04:33]} a4 {[%emt 0:00:13]} 44. Nd6 {[%emt 0:00:56]} Bxc5 {[%emt 0:02:15]} 45. Nc4 {[%emt 0:00:11]} a3 {[%emt 0:01:07]} 46. Nxe5 {[%emt 0:01:27]} Rxf2+ {[%emt 0:00:47]} 47. Kh1 {[%emt 0:00:19]} a2 {[%emt 0:00:15]} 1-0

[Event "FIDE Zonal 2.5 Open 2019"]
[Site "Montevideo"]
[Date "2019.04.14"]
[Round "3.22"]
[White "Ramirez Dominguez, Agustin"]
[Black "Rodriguez Farias, Eduardo"]
[Result "0-1"]
[WhiteElo "1907"]
[BlackElo "1898"]
[Annotator "NA RC"]
[PlyCount "35"]
[EventDate "2019.04.13"]
[EventType "swiss"]
[EventCountry "URU"]
[SourceTitle "playchess.com"]
[Source "ChessBase"]
[SourceQuality "1"]
[TimeControl "40/5400+30:1800+30"]

{[%evp 8,35,17,20,34,0,1,32767,32767,32767,32767,32767,32767,32767,32767,32767,32767,32767,32767,32767,-121,-144,-122,32767,32767,-606,-631,-5581,-29989,-29988]} 1. e4 {[%emt 0:00:00]} c5 {[%emt 0:00:00]} 2. Nf3 {[%emt 0:00:00]} Nc6 {[%emt 0:00:00]} 3. d4 {[%emt 0:00:00]} cxd4 {[%emt 0:00:02]} 4. Nxd4 {[%emt 0:00:00]} Nf6 {[%emt 0:00:19]} 5. Nc3 {[%emt 0:00:14]} e5 {[%emt 0:00:16]} 6. Nf3 {[%emt 0:01:12]} Bb4 {[%emt 0:00:13]} 7. Bd3 {[%emt 0:00:53]} d5 {[%emt 0:00:32]} 8. exd5 {[%emt 0:02:46]} Nxd5 {[%emt 0:00:13]} 9. Bd2 {[%emt 0:00:12]} Nxc3 {[%emt 0:00:07]} 10. Bxc3 {[%emt 0:01:12]} Bxc3+ {[%emt 0:00:42]} 11. bxc3 {[%emt 0:00:02]} Qa5 {[%emt 0:05:13]} 12. Qd2 {[%emt 0:02:06]} O-O {[%emt 0:02:22]} 13. Bc4 {[%emt 0:10:50]} Bg4 {[%emt 0:09:34]} 14. Qe3 {[%emt 0:04:27] [#]} Nd4 $1 {[%emt 0:09:51]} 15. Nxd4 {[%emt 0:02:36]} exd4 {[%emt 0:00:13]} 16. Qxd4 $2 {[%emt 0:00:08]} (16. Qg3) 16... Rad8 {[%emt 0:00:39]} 17. Qxg4 {[%emt 0:01:44]} Qxc3+ {[%emt 0:00:17] Double Attack} 18. Kf1 {[%emt 0:01:15]} 0-1

[Event "FIDE Zonal 2.5 Open 2019"]
[Site "Montevideo"]
[Date "2019.04.14"]
[Round "3.23"]
[White "Zaruski, Julio"]
[Black "Lanaro, Emilio"]
[Result "1-0"]
[WhiteElo "1842"]
[BlackElo "1694"]
[Annotator "NA RC"]
[PlyCount "115"]
[EventDate "2019.04.13"]
[EventType "swiss"]
[EventCountry "URU"]
[SourceTitle "playchess.com"]
[Source "ChessBase"]
[SourceQuality "1"]
[TimeControl "40/5400+30:1800+30"]

{[%evp 8,108,39,17,32767,32767,32767,32767,32767,32767,32767,32767,32767,32767,45,32767,47,30,46,43,33,38,87,32767,43,52,56,32767,56,59,52,38,57,67,59,40,51,36,29,23,56,32767,32767,32767,32767,32767,32767,51,121,133,212,195,258,32767,32767,32767,32767,32767,32767,331,281,401,32767,32767,32767,32767,513,32767,32767,32767,32767,32767,32767,1551,1356,32767,1589,32767,32767,32767,5106,666,631,0,29969,1722,1520,5306,5085,5799,29961,29967,12831,12229,6589,29972,29964,29982,32767,32767,32767,29986,29987]} 1. d4 {[%emt 0:00:00]} Nf6 {[%emt 0:00:00]} 2. c4 {[%emt 0:00:10]} g6 {[%emt 0:00:00]} 3. g3 {[%emt 0:00:34]} Bg7 {[%emt 0:00:39]} 4. Bg2 {[%emt 0:00:21]} O-O {[%emt 0:00:23]} 5. Nf3 {[%emt 0:00:08]} d6 {[%emt 0:00:37]} 6. O-O {[%emt 0:00:09]} Nbd7 {[%emt 0:01:15]} 7. Nc3 {[%emt 0:02:25]} e5 {[%emt 0:01:49]} 8. e4 {[%emt 0:04:31]} a5 {[%emt 0:04:18]} 9. b3 {[%emt 0:03:07]} exd4 {[%emt 0:03:50]} 10. Nxd4 {[%emt 0:00:41]} Nc5 {[%emt 0:01:04] E68: King's Indian: Fianchetto: 6...Nbd7 7 0-0 e5 8 e4} 11. Bb2 {[%emt 0:01:44]} Bg4 $146 {[%emt 0:02:53]} ({Predecessor:} 11... c6 12. Qc2 Qb6 13. Rad1 a4 14. Rfe1 Ng4 15. h3 Ne5 16. Kh2 axb3 17. axb3 Ned3 18. Rxd3 Nxd3 19. Qxd3 Qxd4 {0-1 (26) Alagappan,M (2143)-Bitan,B (2306) Chennai 2009}) 12. f3 {[%emt 0:02:00]} Bd7 {[%emt 0:00:44]} 13. Qd2 {[%emt 0:01:35]} Re8 {[%emt 0:04:16]} 14. Rad1 {[%emt 0:02:06]} Ne6 {[%emt 0:02:28]} 15. Nd5 {[%emt 0:08:04]} Nxd5 {[%emt 0:02:21]} 16. Nxe6 {[%emt 0:01:12]} Bxe6 {[%emt 0:06:20]} 17. cxd5 {[%emt 0:04:52]} Bd7 {[%emt 0:01:43]} 18. Bxg7 {[%emt 0:00:15]} Kxg7 {[%emt 0:00:05]} 19. Rc1 {[%emt 0:03:01]} c5 {[%emt 0:06:43]} 20. dxc6 Bxc6 {[%emt 0:00:23]} 21. Rfd1 {[%emt 0:07:21]} Qb6+ {[%emt 0:03:26]} 22. Qd4+ {[%emt 0:01:27]} Qxd4+ {[%emt 0:00:10]} 23. Rxd4 {[%emt 0:00:07]} f5 {[%emt 0:11:32]} 24. Rxd6 {[%emt 0:09:49]} fxe4 {[%emt 0:00:21]} 25. fxe4 {[%emt 0:00:07]} Bxe4 {[%emt 0:01:12]} 26. Rc7+ {[%emt 0:00:12]} Kh6 {[%emt 0:20:50]} 27. h4 {[%emt 0:15:58]} (27. Rdd7 $16 Bxg2 28. Rxh7+ (28. Kxg2 Rac8 $16) 28... Kg5 29. Kxg2) 27... Bxg2 {[%emt 0:12:09]} (27... Bf5 $14) 28. Kxg2 {[%emt 0:00:09]} Re2+ {[%emt 0:01:45]} (28... b5 $16 {keeps fighting.}) 29. Kh3 {[%emt 0:04:11]} Rg8 {[%emt 0:10:26]} (29... Rh8 $142 30. a4 (30. Rxb7 Rxa2 31. Ra6 Ra1 $16) 30... Ree8 31. Rxb7 Rd8) 30. Rdd7 {[%emt 0:09:40]} Rh8 {[%emt 0:00:13]} 31. a4 {[%emt 0:08:32]} Re4 {[%emt 0:00:41]} 32. Rxb7 {[%emt 0:01:50]} Rb4 {[%emt 0:00:51]} 33. g4 {[%emt 0:01:44]} Rxb7 {[%emt 0:00:15]} 34. Rxb7 {[%emt 0:01:02]} g5 {[%emt 0:00:44]} 35. Rb5 {[%emt 0:01:13]} gxh4 {[%emt 0:00:20]} 36. Rxa5 {[%emt 0:00:06]} Rc8 {[%emt 0:00:23]} 37. Kxh4 {[%emt 0:00:38]} Rc3 {[%emt 0:00:09]} 38. Rb5 {[%emt 0:00:54]} Rc1 {[%emt 0:00:22]} 39. Rb6+ {[%emt 0:00:11]} Kg7 {[%emt 0:00:08]} 40. a5 {[%emt 0:02:06]} Ra1 {[%emt 0:00:26]} 41. b4 {[%emt 0:30:35]} Ra4 {[%emt 0:03:30]} 42. Kg5 {[%emt 0:00:00]} h6+ {[%emt 0:00:35]} 43. Kh5 {[%emt 0:00:00]} Ra1 {[%emt 0:00:39]} 44. Rb7+ {[%emt 0:00:00]} Kf6 {[%emt 0:00:08]} 45. Rb6+ $2 {[%emt 0:00:00]} (45. Kh4 $18 Rh1+ 46. Kg3) 45... Kg7 $1 {[%emt 0:00:16]} 46. Kh4 {[%emt 0:00:00]} (46. Rg6+ $142 Kf8 47. Rxh6) 46... Ra2 {[%emt 0:00:27]} 47. a6 {[%emt 0:00:00]} Ra4 {[%emt 0:00:38]} 48. g5 {[%emt 0:00:00]} hxg5+ {[%emt 0:00:24]} 49. Kxg5 {[%emt 0:00:00]} Kf7 {[%emt 0:00:10]} 50. Kf5 {[%emt 0:00:00]} Ke7 {[%emt 0:00:09]} 51. Ke5 {[%emt 0:00:00]} Kd7 {[%emt 0:00:06]} 52. b5 {[%emt 0:00:00]} Kc7 {[%emt 0:06:14]} 53. Rb7+ {[%emt 0:00:00]} Kc8 {[%emt 0:00:08]} 54. Kd5 {[%emt 0:00:00]} Ra1 {[%emt 0:00:59]} 55. Kc6 {[%emt 0:00:00]} Rh1 {[%emt 0:02:45]} 56. Kb6 {[%emt 0:00:00]} Rh5 {[%emt 0:02:00]} 57. Rg7 {[%emt 0:00:00]} Rh6+ {[%emt 0:01:28]} 58. Ka7 {[%emt 0:00:00]} 1-0

[Event "FIDE Zonal 2.5 Open 2019"]
[Site "Montevideo"]
[Date "2019.04.14"]
[Round "3.24"]
[White "Manteiga, Franco"]
[Black "Pena Canapa, Alfredo"]
[Result "1/2-1/2"]
[WhiteElo "1684"]
[BlackElo "1811"]
[Annotator "NA RC"]
[PlyCount "103"]
[EventDate "2019.04.13"]
[EventType "swiss"]
[EventCountry "URU"]
[SourceTitle "playchess.com"]
[Source "ChessBase"]
[SourceQuality "1"]
[TimeControl "40/5400+30:1800+30"]

1. d4 Nf6 {[%emt 0:00:00]} 2. Nf3 {[%emt 0:00:01]} g6 {[%emt 0:00:00]} 3. c4 {[%emt 0:01:56]} c5 {[%emt 0:00:30]} 4. Nc3 {[%emt 0:00:08]} cxd4 {[%emt 0:00:48]} 5. Nxd4 {[%emt 0:02:38]} Nc6 {[%emt 0:00:33]} 6. Nxc6 {[%emt 0:00:27]} bxc6 {[%emt 0:00:50]} 7. e4 d6 {[%emt 0:00:18]} 8. Be2 {[%emt 0:04:56]} Bg7 {[%emt 0:00:10]} 9. O-O {[%emt 0:01:34]} O-O {[%emt 0:00:51]} 10. Be3 {[%emt 0:15:41]} c5 {[%emt 0:08:42] B38: Sicilian: Maroczy Bind with 5...Bg7 and 7...0-0} (10... Bb7 11. f4 Nd7 12. Qd2 f5 13. exf5 gxf5 14. Bf3 Nf6 15. Rad1 Qc8 16. Rfe1 c5 17. Nd5 Rf7 18. Nxf6+ Bxf6 19. Bxb7 Qxb7 {½-½ (45) Velicka,P (2413)-Butkiewicz,L (2432) Czechia 2014}) 11. f3 {[%emt 0:12:57]} Nd7 $146 {[%emt 0:04:02]} ({Predecessor:} 11... Rb8 12. Qd2 Re8 13. Rfd1 Qb6 14. Rab1 Qa5 15. a3 Nd7 16. Nb5 Qxd2 17. Rxd2 Rb7 18. Rc2 {0-1 (48) Vargas,E (1928)-Guzman,C (1980) Manizales 2017}) 12. f4 {[%emt 0:06:57]} Rb8 {[%emt 0:06:06]} 13. Qd2 {[%emt 0:08:16]} Re8 {[%emt 0:16:01]} 14. Rad1 {[%emt 0:13:02]} Qa5 {[%emt 0:07:22]} 15. Rc1 {[%emt 0:05:06]} Nf8 {[%emt 0:03:05]} 16. f5 {[%emt 0:04:21]} Nd7 {[%emt 0:21:32]} 17. Bh6 {[%emt 0:01:59]} Bd4+ {[%emt 0:06:51]} 18. Be3 Rxb2 {[%emt 0:00:06]} 19. Qxb2 {[%emt 0:01:35]} Bxe3+ 20. Kh1 {[%emt 0:00:33]} Bxc1 {[%emt 0:00:38]} 21. Qxc1 {[%emt 0:01:39]} Nf6 {[%emt 0:01:46]} (21... Ne5 $142 22. h3 Bb7) 22. fxg6 {[%emt 0:04:48]} hxg6 {[%emt 0:02:29]} 23. Qe3 Be6 24. Rf4 {[%emt 0:01:27]} Kg7 {[%emt 0:14:11]} 25. e5 {[%emt 0:02:34]} dxe5 {[%emt 0:00:57]} 26. Qxe5 {[%emt 0:00:06]} Rc8 {[%emt 0:01:18]} 27. g4 {[%emt 0:01:59]} Qc7 {[%emt 0:02:11]} 28. Qe3 {[%emt 0:02:02]} Rh8 {[%emt 0:01:55]} 29. Qg3 {[%emt 0:04:12]} g5 {[%emt 0:00:05]} 30. Rf3 {[%emt 0:00:05]} Qxg3 {[%emt 0:00:30]} 31. Rxg3 {[%emt 0:00:30]} Rd8 {[%emt 0:00:06]} 32. h3 {[%emt 0:01:47]} Rd2 {[%emt 0:02:51]} 33. Re3 {[%emt 0:00:39]} Rc2 {[%emt 0:00:43]} 34. Kg1 {[%emt 0:01:33]} Kf8 {[%emt 0:00:42]} 35. Kf1 Bd7 {[%emt 0:00:18]} 36. Ke1 {[%emt 0:01:46]} Bc6 {[%emt 0:00:30]} 37. Kd1 {[%emt 0:00:27]} Rb2 38. Kc1 Rb4 {[%emt 0:01:06]} 39. Re5 {[%emt 0:01:10]} Nd7 40. Rxg5 {[%emt 0:00:22]} f6 {[%emt 0:00:40]} 41. Rh5 {[%emt 0:30:33]} Ne5 42. Rh8+ {[%emt 0:00:32]} Kf7 {[%emt 0:31:28]} 43. Rc8 {[%emt 0:00:00]} Rb7 {[%emt 0:00:00]} 44. Nd5 {[%emt 0:00:00]} Ke6 {[%emt 0:00:00]} 45. Rc7 {[%emt 0:00:00]} Rxc7 {[%emt 0:00:00]} 46. Nxc7+ {[%emt 0:00:00]} Kd6 {[%emt 0:00:00]} 47. Nb5+ {[%emt 0:00:00]} Bxb5 {[%emt 0:00:00]} 48. cxb5 {[%emt 0:00:00]} Ng6 {[%emt 0:00:00]} 49. Kd2 {[%emt 0:00:00]} Kc7 {[%emt 0:01:22]} 50. Ke3 e6 {[%emt 0:01:07]} 51. Ke4 {[%emt 0:01:00]} Kd6 $18 (51... Kb6 $16 52. Bc4 Nh4) 52. a4 {[%emt 0:02:28]} 1/2-1/2